[Event "Sautron op 13th"]
[Site "Sautron"]
[Date "2013.10.??"]
[Round "6"]
[White "Barbot, Michel"]
[Black "Le Pen, Steven"]
[Result "0-1"]
[WhiteElo "1538"]
[BlackElo "1957"]
[PlyCount "96"]
[EventDate "2013.10.26"]
[EventType "swiss"]
[EventRounds "9"]
[EventCountry "FRA"]
[SourceTitle "EXT 2016"]
[Source "ChessBase"]
[SourceDate "2015.10.08"]
[SourceVersion "1"]
[SourceVersionDate "2015.10.08"]
[SourceQuality "1"]

1. d4 Nf6 2. Nf3 g6 3. Bf4 Bg7 4. e3 0-0 5. Be2 d5 6. h3 b6 7. 0-0 Bb7 8. Nbd2 e6 9. c3 Nbd7 10. Bh2 Ne4 11. Nxe4 dxe4 12. Nd2 e5 13. Rc1 c5 14. Nb3 Rc8 15. Bb5 cxd4 16. cxd4 Rxc1 17. Qxc1 exd4 18. Nxd4 Nc5 19. Rd1 Qg5 20. Bf4 Qf6 21. b3 Rc8 22. Qb1 a6 23. Bf1 h5 24. Rc1 Qd8 25. Rd1 Qe8 26. Kh2 Bf6 27. Kg1 b5 28. Bh2 Nd7 29. Bf4 Nb6 30. Rc1 Nd5 31. Bh2 Nc3 32. Qb2 b4 33. Qd2 Rd8 34. Bc7 Rd5 35. Bc4 Rc5 36. Bb6 Rxc4 37. bxc4 Qa4 38. Rc2 Kg7 39. Kf1 Nb1 40. Qc1 Nc3 41. Qd2 a5 42. Ne2 Nb1 43. Qc1 Na3 44. Rd2 Ba6 45. Bd4 Nxc4 46. Bxf6+ Kxf6 47. Rd4 Qxa2 48. Rxe4 Nd2+ 0-1

[Event "Rohde op 07th"]
[Site "Sautron"]
[Date "2007.10.28"]
[Round "2"]
[White "Audoubert, Jean"]
[Black "Barbot, Michel"]
[Result "1/2-1/2"]
[WhiteElo "1832"]
[BlackElo "1570"]
[PlyCount "79"]
[EventDate "2007.10.27"]
[EventType "swiss"]
[EventRounds "9"]
[EventCountry "FRA"]
[SourceTitle "EXT 2008"]
[Source "ChessBase"]
[SourceDate "2007.11.25"]
[SourceVersion "1"]
[SourceVersionDate "2007.11.25"]
[SourceQuality "1"]

1. Nf3 d5 2. g3 g6 3. Bg2 Bg7 4. 0-0 Nf6 5. d3 0-0 6. Nbd2 c6 7. e4 dxe4 8. dxe4 Nbd7 9. Re1 Nb6 10. Rb1 Bg4 11. h3 Bxf3 12. Qxf3 e6 13. Qe2 Qc7 14. b3 Rad8 15. e5 Nfd5 16. Bb2 Ne7 17. c4 c5 18. Nf3 Nf5 19. Rbd1 Nd7 20. g4 Ne7 21. h4 Nc6 22. Qe4 Ndxe5 23. Rxd8 Nxf3+ 24. Bxf3 Rxd8 25. Bxg7 Kxg7 26. Qe3 Nd4 27. Bd1 b6 28. h5 Qd6 29. h6+ Kf8 30. Qe4 Qc6 31. Qe3 Qd6 32. Qg5 Qe7 33. Qe5 f6 34. Qe4 Kf7 35. Qf4 Qd6 36. Qe4 Qc6 37. Qd3 Qd6 38. Qe4 Qc6 39. Qd3 Qd6 40. Qe4 1/2-1/2

[Event "Sautron Retif op 0405"]
[Site "Sautron"]
[Date "2004.11.27"]
[Round "3"]
[White "Barbot, Michel"]
[Black "Guilbaud, Jean Luc"]
[Result "1-0"]
[WhiteElo "1499"]
[BlackElo "1380"]
[PlyCount "71"]
[EventDate "2004.10.16"]
[EventType "swiss"]
[EventRounds "7"]
[EventCountry "FRA"]
[SourceTitle "EXT 2007"]
[Source "ChessBase"]
[SourceDate "2006.11.23"]
[SourceVersion "1"]
[SourceVersionDate "2006.11.23"]
[SourceQuality "1"]

1. e4 e5 2. Nf3 Nc6 3. Nc3 Nf6 4. Bb5 d6 5. d4 exd4 6. Nxd4 Bd7 7. 0-0 Be7 8. Re1 0-0 9. Nxc6 bxc6 10. Bc4 Rb8 11. Bb3 Ng4 12. h3 Ne5 13. f4 Ng6 14. Qf3 Bh4 15. Qe2 Kh8 16. Be3 f5 17. Bxa7 Ra8 18. Bf2 Bxf2+ 19. Qxf2 Ra5 20. exf5 Bxf5 21. Ne4 Bxe4 22. Rxe4 Raf5 23. g3 Rh5 24. Kg2 d5 25. Re6 Rg5 26. Kh2 Rgf5 27. Rae1 Qd7 28. Qe3 Qf7 29. Re8 Kg8 30. Rxf8+ Qxf8 31. Qe6+ Rf7 32. Qxc6 Ne7 33. Qxc7 g5 34. Rf1 gxf4 35. Rxf4 Rxf4 36. Qxf4 1-0